000 00283nam a2200133Ia 4500
100 _aWangsness R.K.
250 _a2
942 _cBK
654 _aElectromagnetic
245 _aElectromagnetic fields
260 _bJohn Wiley
_aNew York
_c1986
300 _a706
546 _aENGLISH
999 _c32950
_d32950